The Impact of Journal Rankings on Australasian Accounting Education Scholarship – A Personal View (Record no. 316138)
[ view plain ]
| 000 -LEADER | |
|---|---|
| fixed length control field | 00446nam a2200145Ia 4500 |
| 008 - FIXED-LENGTH DATA ELEMENTS--GENERAL INFORMATION | |
| fixed length control field | 170224s9999 xx 000 0 und d |
| 100 ## - MAIN ENTRY--PERSONAL NAME | |
| Personal name | Nicholas McGuigan |
| 245 #4 - TITLE STATEMENT | |
| Title | The Impact of Journal Rankings on Australasian Accounting Education Scholarship – A Personal View |
| 245 ## - TITLE STATEMENT | |
| Statement of responsibility, etc | Nicholas McGuigan |
| 260 ## - PUBLICATION, DISTRIBUTION, ETC. (IMPRINT) | |
| Name of publisher, distributor, etc | Accounting Education |
| 260 ## - PUBLICATION, DISTRIBUTION, ETC. (IMPRINT) | |
| Date of publication, distribution, etc | 2015 |
| 300 ## - PHYSICAL DESCRIPTION | |
| Extent | 24:3, Pages: 187-207 |
| 650 ## - SUBJECT ADDED ENTRY--TOPICAL TERM | |
| General subdivision | Accountancy |
| 650 ## - SUBJECT ADDED ENTRY--TOPICAL TERM | |
| General subdivision | Accounting |
| Withdrawn status | Lost status | Damaged status | Home library | Current library | Date acquired | Total Checkouts | Date last seen | Price effective from | Koha item type |
|---|---|---|---|---|---|---|---|---|---|
| College Library | College Library | 02/24/2017 | 02/24/2017 | 02/24/2017 | Periodicals |